000
00284nam a22001217a 4500
008
180308b xxu||||| |||| 00| 0 eng d
041
_a
eng
080
_2
7th
_a
618
100
_a
10
101
_a
GJIN
245
_a
Kirstner's gynecology and women's health
_c
Ryan,K.J
942
_2
udc
_c
BK
999
_c
44392
_d
44392